000 00816cam a2200253 a 4500
001 3979185
005 20250723160128.0
008 950516s1995 caua 001 0 eng
020 _a0060621192
_qcloth
020 _a0060621796
_qpbk.
020 _a9780060621193
_q(cloth)
020 _a9780060621797
_q(pbk.)
050 0 0 _aBM561
_b.B65 1995
082 0 0 _a296
_220
100 1 _aDosick, Wayne D.,
_d1947-
245 1 0 _aLiving Judaism :
_bthe complete guide to Jewish belief, tradition, and practice /
_cWayne Dosick.
250 _a1st ed.
260 _aSan Francisco :
_bHarperSan Francisco,
_c1995.
300 _a385 p. :
_bill. ;
_c25 cm.
500 _aIncludes index.
650 0 _aJudaism.
856 4 2 _3Publisher description
_uhttp://www.loc.gov/catdir/description/hc044/95022260.html
942 _2lcc
_cBK
_n0
999 _c7121
_d7121